Cost and financial control for construction firms

Bibliographic Details
Main Authors: Cooke, Brian (Author), Jepson, William Brian (Author)
Format: Book
Language:English
Published: London : The Macmillan Press 1979
Subjects:

MARC

LEADER 00000cam a2200000 7i4500
001 0000003714
005 20240927.0
008 991206 enka eng
020 |a 0333240979 pbk 
040 |a INS   |b eng   |e rda 
090 0 0 |a HD9715.G72   |b .C68 1979 
100 1 |a Cooke, Brian ,   |e author 
245 1 0 |a Cost and financial control for construction firms   |c Brian Cooke, William Brian Jepson 
264 1 |a London :   |b The Macmillan Press   |c 1979 
264 4 |c ©1979 
300 |a x, 163 pages :   |b illustrations ;   |c 24 cm. 
336 |a text  |2 rdacontent 
337 |a unmediated  |2 rdamedia 
338 |a volume  |2 rdacarrier 
504 |a Includes bibliographical references and index 
650 0 |a Construction indusrty   |z Great Britain   |x Finance 
700 1 |a Jepson, William Brian ,   |e author 
999 |a 0000001676   |b BOOK   |c Open Shelf   |e Default branch 
999 |a 0000022447   |b BOOK   |c Open Shelf   |e Default branch